Emociones y educación: qué son y cómo intervenir desde la escuela

Gardado en:
Detalles Bibliográficos
Main Authors: Adam Picaso, Eva (autora), Cela Ollé, Jaume (Author), Codina Mir, María Teresa (Author), Darder Vidal, Pere (Author), Díez de Ulzurrun Pausas, Ascensió (Author), Fuentes, Marta (Author), Gómez Bruguera, Josepa (Author), Lombart, Ciscu (Author), López Juncosa, Marta (Author), Mallofré Massana, Montse (Author), Masegosa Labad, Agustí (Author), Roselló, Rosa (Author), Royo Arpón, Mariano (Author), Sol Mauri, Neus (Author), Talavera Seguí, Montse (Author), Traveset Vilaginés, Mercè (Author)
Outros autores: Martí Olivella, Josep (autor), Palou Vicens, Sílvia (autora)
Formato: Libro
Idioma:Lingua castelá
Publicado: Barcelona Laboratorio Educativo; Graó 2003
Edición:1a. ed
Series:Claves para la Innovación Educativa, 23
Subjects:
Tags: Engadir etiqueta
Sen Etiquetas, Sexa o primeiro en etiquetar este rexistro!

MARC

LEADER 00000nam a2200000 a 4500
001 UCK6410
003 CL-VaPUC
005 20230301112243.0
008 050930e20031100sp |||||||||||||||||spa|d
999 |c 314697  |d 314695 
020 |a 8478273131 
040 |c Pontificia Universidad Católica de Valparaíso 
082 0 4 |a 370.153  |b ADA  |2 21 
100 1 |a Adam Picaso, Eva  |e autora  |9 862906 
245 1 0 |a Emociones y educación: qué son y cómo intervenir desde la escuela 
250 |a 1a. ed 
260 |a Barcelona  |b Laboratorio Educativo;  |b Graó  |c 2003 
300 |a 126 p 
490 0 |a Claves para la Innovación Educativa, 23 
583 |a last modification  |c 20171120 02:09:00  |k Rodrigo Vera 
650 0 |a Psicología educacional   |9 307830 
650 0 |a Relaciones interpersonales  |9 307056 
650 0 |a Desarrollo afectivo  |9 334359 
650 0 |a Emociones   |9 265224 
650 0 |a Motivación   |9 315362 
700 0 |a Cela Ollé, Jaume  |e author  |9 495622 
700 0 |a Codina Mir, María Teresa  |e author  |9 495623 
700 0 |a Darder Vidal, Pere  |e author  |9 495624 
700 0 |a Díez de Ulzurrun Pausas, Ascensió  |e author  |9 495625 
700 0 |a Fuentes, Marta  |e author  |9 495626 
700 0 |a Gómez Bruguera, Josepa  |e author  |9 495627 
700 0 |a Lombart, Ciscu  |e author  |9 495628 
700 0 |a López Juncosa, Marta  |e author  |9 495629 
700 0 |a Mallofré Massana, Montse  |e author  |9 495630 
700 0 |a Masegosa Labad, Agustí  |e author  |9 495631 
700 |a Martí Olivella, Josep  |e autor  |9 862905 
700 |a Palou Vicens, Sílvia  |e autora  |9 487604 
700 0 |a Roselló, Rosa  |e author  |9 495635 
700 0 |a Royo Arpón, Mariano  |e author  |9 495636 
700 0 |a Sol Mauri, Neus   |e author  |9 495637 
700 0 |a Talavera Seguí, Montse  |e author  |9 495638 
700 0 |a Traveset Vilaginés, Mercè   |e author  |9 495639 
942 |c BK  |2 ddc 
945 |d 20050930 00:00:00  |a jcarroza 
952 |0 0  |1 0  |4 0  |6 370_153000000000000_ADA_2003_2003  |7 0  |8 A  |9 387366  |a BIBEDU  |b BIBEDU  |d 2019-11-22  |i 4167694  |l 1  |m 1  |o 370.153 ADA 2003 2003  |p 4167694  |r 2024-10-28  |s 2024-10-01  |w 2019-11-22  |y BK  |k EBA 
952 |0 0  |1 0  |4 0  |6 370_153000000000000_ADA_2003_2003  |7 0  |8 A  |9 387367  |a BIBEDU  |b BIBEDU  |d 2019-11-22  |i 4630653  |o 370.153 ADA 2003 2003  |p 4630653  |r 2019-11-22  |w 2019-11-22  |y BK  |k PSI